| 000 | 00000nam##2200000za#4500 |
| 001 | 9.572724 |
| 003 | CaOODSP |
| 005 | 20210624183345 |
| 007 | cr ||||||||||| |
| 008 | 150406|2007||||xxc|||||o f|0| 0 eng|d |
| 022 | |a1701-1280 |
| 040 | |aCaOODSP|beng |
| 043 | |an-cn--- |
| 086 | 1 |aFs70-4/2007-004E-PDF |
| 110 | 1 |aCanada. |bDepartment of Fisheries and Oceans. |
| 245 | 10|aProceedings of the Newfoundland and Labrador Regional Advisory Process for snow crab : |h[electronic resource]|bFebruary 27–March 2, 2007, St. John's, NL / |cNoel Cadigan, meeting chairperson ; G.P. Ennis, editor. |
| 246 | 3 |aCompte rendu du Processus de consultation régional de Terre-Neuve-et-Labrador sur le crabe des neiges |
| 260 | |aSt. John's - Newfoundland and Labrador : |bFisheries and Oceans Canada |cApril 2007. |
| 300 | |a32p.|bgraphs, tables |
| 490 | 1 |aCanadian Science Advisory Secretariat proceedings series|x1701-1280|v2007/004 |
| 504 | |aBibliography. |
| 546 | |aChiefly English, with bilingual foreword and summary. |
| 590 | |a11-32-Supp|b2011-12-20 |
| 720 | 1 |aEnnis, G. P. |
| 720 | 1 |aCadigan, Noel |
| 830 | #0|aProceedings series (Canadian Science Advisory Secretariat)|x1701-1280|v2007/004|w(CaOODSP)9.506483 |
| 856 | 40|ahttp://publications.gc.ca|qPDF|s149 KB|uhttps://publications.gc.ca/collections/collection_2011/mpo-dfo/Fs70-4-2007-004-eng.pdf|y2007/004 |